Movies Quiz

Random Movies or Oscar Quiz

Most Oscar Nominations Quiz Stats

 Plays Quiz Updated Mar 17, 2021

     
Support Sporcle.
Go Orange.
Score 0/39 Timer 07:00
1 Play Today
# Actor or Actress % Correct
21Meryl Streep
91.5%
6Tom Hanks
75.2%
6Leonardo DiCaprio
74.7%
12Jack Nicholson
74.3%
12Katharine Hepburn
70%
7Robert De Niro
68.7%
9Al Pacino
66.4%
8Marlon Brando
60.7%
6Daniel Day-Lewis
60.5%
8Denzel Washington
55.2%
7Dustin Hoffman
53.5%
6Anthony Hopkins
51%
10Bette Davis
47.9%
9Paul Newman
47%
7Kate Winslet
46%
6Amy Adams
45.3%
7Cate Blanchett
44.6%
7Jane Fonda
43.2%
6Maggie Smith
42.4%
6Frances McDormand
41.8%
# Actor or Actress % Correct
10Laurence Olivier
41.2%
8Peter O'Toole
40.8%
9Spencer Tracy
39%
7Judi Dench
37.5%
8Glenn Close
34.9%
8Jack Lemmon
33.6%
7Ingrid Bergman
31%
7Richard Burton
29.3%
7Robert Duvall
28.8%
6Michael Caine
28.1%
6Jessica Lange
20.4%
6Sissy Spacek
19.4%
7Greer Garson
19.1%
7Jeff Bridges
19%
8Geraldine Page
18.6%
6Vanessa Redgrave
17%
6Deborah Kerr
16.2%
6Thelma Ritter
14.7%
6Ellen Burstyn
14.5%

From the Vault

Quentin Tarantino Movies by Tagline

by Spacemaniac

Movies 3m
*awesome bass guitar riff*
Remove Ads.
Support Sporcle.
Get the best of Sporcle when you Go Orange. This ad-free experience offers more features, more stats, and more fun while also helping to support Sporcle. Thank you for becoming a member.

Show Comments

Extras

Top Quizzes Today


Score Distribution

Your Account Isn't Verified!

In order to create a playlist on Sporcle, you need to verify the email address you used during registration. Go to your Sporcle Settings to finish the process.

Report this User

Report this user for behavior that violates our Community Guidelines.

Details: